Industrial America Berlin lectures of 1906

Guardado en:
Detalles Bibliográficos
Formato: Libro
Lenguaje:inglés
Publicado: New York Ch. Scribner's Sons 1907
Etiquetas: Agregar Etiqueta
Sin Etiquetas, Sea el primero en etiquetar este registro!

MARC

LEADER 00000nam a2200000 4500
001 0307420
005 20250303091821.0
041 0 |a eng 
044 |a US 
245 1 0 |a Industrial America  |b Berlin lectures of 1906  |c James Laurence Laughlin 
264 1 |a New York  |b Ch. Scribner's Sons  |c 1907